000 00516nam a2200205Ia 4500
003 GCL
008 140319s9999 xx 000 0 eng d
040 _aGCL /
_cGCL
082 0 4 _a544
_bJ Q
100 1 _aR.A.DAY, JR
245 1 0 _aQUANTITATIVE ANALYSIS /
_cR.A.DAY, JR
700 1 _aUNDERWOOD, A.L.
260 _a[S.N] :
_bPRENTICE HALL OF INDIA ،
_c1993
300 _a685
650 0 4 _aCHEMISTRY
650 0 4 _aQUANTITATIVE
650 0 4 _aELECTROCHEMISTRY
650 0 4 _aSPECTROPHOTOMETRY
942 _2ddc
_cBK
999 _c20295
_d20295